Priradenie NMR signálov a štruktúrne vlastnosti SH3 domény kuracieho alfa-spektrínu bakalárska práca

Salvato in:
Dettagli Bibliografici
Autore principale: Valacsayová, Noémi
Natura: Libro
Lingua:slovacco
Pubblicazione: Bratislava STU FCHPT 2014
Accesso online:Visualizza in OPAC
Tags: Aggiungi Tag
Nessun Tag, puoi essere il primo ad aggiungerne!!

MARC

LEADER 00000nam a2200000 a 4500
005 20260127134305.0
008 140818 2014 000 0 slo d
035 |a vtls010614704 
039 9 |y 201408181034  |z mschk03 
040 |a STUSCHK1  |b slo  |c STUSCHK1  |e AACR2 
100 1 |a Valacsayová, Noémi 
245 1 |a Priradenie NMR signálov a štruktúrne vlastnosti SH3 domény kuracieho alfa-spektrínu  |b bakalárska práca  |c Noémi Valacsayová 
260 |a Bratislava  |b STU FCHPT  |c 2014 
300 |a 39 s.  |b Obr., tab.  |c 30 cm 
500 |a Obhájené: 15.7.2014 
500 |a Štud. program: biotechnológia a potravinárska technológia 
500 |a Štud. odbor: biotechnológie 
500 |a Škol. pracovisko: Odd. NMR a hmotnostnej spektrometrie 
500 |a Evid. číslo: FCHPT-13567-44208 
910 |a SCHK95 
999 |c 8915  |d 8915